000 00648nam a2200241Ia 4500
003 OSt
005 20220924125226.0
006 a|||||r|||| 00| 0
007 ta
008 220923b |||||||| |||| 00| 0 san d
024 _a155219
037 _cTextual
040 _aARTS
_cARTS
_bsan
041 _2san
_asan
082 _aO15,1A2:9, 152G0
100 _aShkul Devidutt
_9197837
245 0 _aMahabharat mimansa
260 _aPryag
_bIndian Press Limited India
_c1930
300 _a176p.
_ccm.
650 _aSANSKRIT LITERATURE
942 _hO15,1A2:9, 152G0
_cTEXL
_2CC
999 _c422160
_d422160